MARC

LEADER 00000nam0a2200000 4500
001 279993
005 20231101235249.0
020 |a RU  |b 86-49525 
035 |a (RuTPU)RU\TPU\book\303302 
090 |a 279993 
100 |a 20141224d1986 km y0rusy5003 ca 
101 0 |a rus 
102 |a RU 
105 |a a z 001zy 
200 1 |a Машинист сушильной установки углеобогатительной фабрики  |f В. А. Филиппов 
210 |a Москва  |c Недра  |d 1986 
215 |a 120 с.  |c ил. 
320 |a Библиогр. в конце текста 
606 1 |a Сушилки для угля  |x Эксплуатация  |2 stltpush  |3 (RuTPU)RU\TPU\subj\58343  |9 76136 
610 1 |a уголь 
610 1 |a сушка 
610 1 |a трубы-сушилки 
610 1 |a схемы 
610 1 |a работа 
610 1 |a конструкции 
610 1 |a топочные устройства 
610 1 |a пылеулавливание 
610 1 |a тягодутьевые машины 
610 1 |a правила безопасности 
610 1 |a безопасность 
675 |a 622.794.4  |v 4 
700 1 |a Филиппов  |b В. А.  |g Владимир Алексеевич 
801 0 |a RU  |b RuMRKP  |c 19950704  |g psbo 
801 1 |a RU  |b 63413507  |c 20141224 
801 2 |a RU  |b 63413507  |c 20170426  |g RCR 
942 |c BK